Klimatologické zhodnotenie roka 2017 na Slovensku

Hodnotenie klimatických vplyvov Slovenského hydrometeorologického ústavu za rok 2017

Gespeichert in:
Bibliographische Detailangaben
1. Verfasser: Pecho, Jozef
Weitere Verfasser: Bochníček, Oliver, Faško, Pavel, Ivaňáková, Gabriela, Kajaba, Peter, Labudová, Lýdia, Markovič, Ladislav, Šťastný, Pavel, Turňa, Maroš
Format: Buchkapitel
Sprache:Slowakisch
Schlagworte:
Tags: Tag hinzufügen
Keine Tags, Fügen Sie das erste Tag hinzu!

MARC

LEADER 00000naa a2200000 4500
001 0243784
005 20221104112957.8
041 0 |a slo 
044 |a SK 
245 1 0 |a Klimatologické zhodnotenie roka 2017 na Slovensku  |c Jozef Pecho, Oliver Bochníček, Pavel Faško, Gabriela Ivaňáková, Peter Kajaba, Lýdia Labudová, Ladislav Markovič, Pavel Šťastný, Maroš Turňa 
520 |a Hodnotenie klimatických vplyvov Slovenského hydrometeorologického ústavu za rok 2017 
610 2 0 |a klimatológia 
610 2 0 |a Slovensko 
610 2 0 |a hydrometeorológia 
610 2 0 |a počasie 
100 1 |a Pecho, Jozef 
700 1 |a Bochníček, Oliver 
700 1 |a Faško, Pavel 
700 1 |a Ivaňáková, Gabriela 
700 1 |a Kajaba, Peter 
700 1 |a Labudová, Lýdia 
700 1 |a Markovič, Ladislav 
700 1 |a Šťastný, Pavel 
700 1 |a Turňa, Maroš